| Tag |
First Indicator |
Second Indicator |
Subfields |
| LEADER |
00000cas a2200000 a 4500 |
| 001 |
in00002441821 |
| 005 |
20211202202133.0 |
| 006 |
m d f |
| 007 |
cr mn||||||||| |
| 008 |
821117d19811999dcuar ss s f0 0eng d |
| 010 |
|
|
|a 2008231072
|
| 035 |
|
|
|a (OCoLC)ocn252405486
|
| 040 |
|
|
|a LGG
|c LGG
|d GPO
|d MvI
|d UtOrBLW
|
| 042 |
|
|
|a lcd
|
| 043 |
|
|
|a n-us---
|
| 049 |
|
|
|a WWW
|
| 050 |
0 |
4 |
|a HC101
|b .U49a
|
| 074 |
|
|
|a 1005-F (online)
|
| 086 |
0 |
|
|a Y 10.17:
|
| 130 |
0 |
|
|a Economic and budget outlook, an update (Online)
|
| 245 |
1 |
4 |
|a The economic and budget outlook, an update.
|
| 264 |
|
1 |
|a Washington, D.C. :
|b Congress of the United States, Congressional Budget Office,
|c [1981-1999]
|
| 336 |
|
|
|a text
|b txt
|2 rdacontent
|
| 337 |
|
|
|a computer
|b c
|2 rdamedia
|
| 338 |
|
|
|a online resource
|b cr
|2 rdacarrier
|
| 362 |
0 |
|
|a Sept. 1981-July 1999.
|
| 300 |
|
|
|a volumes :
|b digital, PDF files.
|
| 310 |
|
|
|a Annual
|
| 538 |
|
|
|a Mode of access: Internet from the GPO Permanent Access web site. Address as of 12/17/08: http://permanent.access.gpo.gov/lps5076/ ; current access is available via PURL.
|
| 500 |
|
|
|a Title from PDF title page (viewed Dec. 17, 2008).
|
| 500 |
|
|
|a "A report to the Senate and House Committees on the Budget as required by Public Law 93-344"--1981-1994.
|
| 530 |
|
|
|a Online version of the print version.
|
| 580 |
|
|
|a Updates annual reports of the Congressional Budget Office, which are issued in parts, 19 -1989; Economic and budget outlook, 1990-.
|
| 500 |
|
|
|a Electronic resource.
|
| 650 |
|
0 |
|a Economic forecasting
|z United States
|v Periodicals.
|
| 650 |
|
0 |
|a Budget
|z United States
|v Periodicals.
|
| 650 |
|
0 |
|a Monetary policy
|z United States
|v Periodicals.
|
| 650 |
|
0 |
|a Fiscal policy
|z United States
|v Periodicals.
|
| 651 |
|
0 |
|a United States
|x Economic conditions
|y 1981-2001
|v Periodicals.
|
| 776 |
1 |
|
|t Economic and budget outlook, an update
|w (DLC) 89657337
|w (OCoLC)8965227
|
| 785 |
0 |
0 |
|t Budget and economic outlook, an update (Online)
|w (DLC) 2008231074
|w (OCoLC)85245162
|
| 787 |
1 |
|
|t Economic and budget outlook
|w (DLC) 2008231071
|w (OCoLC)288394847
|
| 710 |
1 |
|
|a United States.
|b Congressional Budget Office.
|
| 856 |
4 |
0 |
|u https://purl.fdlp.gov/GPO/LPS5076
|t 0
|
| 999 |
|
|
|a MARS
|
| 999 |
f |
f |
|s c2261f23-6b70-3561-84b7-9632fa5d740c
|i 5910ab9f-03c6-32f2-9e25-a13991647ae2
|t 0
|
| 952 |
f |
f |
|a Texas A&M University
|b College Station
|c Electronic Resources
|d Available Online
|t 0
|e Y 10.17:
|h Superintendent of Documents classification
|
| 998 |
f |
f |
|a Y 10.17:
|t 0
|l Available Online
|